书目信息 |
| 题名: |
新版标准日本语随堂强化训练
|
|
| 作者: | 南海 , 曹捷平 编著 | |
| 分册: | 初级·下 | |
| 出版信息: | 大连 大连理工大学出版社 2009.01 |
|
| 页数: | 216页 | |
| 开本: | 26cm | |
| 丛书名: | ||
| 单 册: | ||
| 中图分类: | H369.6 | |
| 科图分类: | ||
| 主题词: | 日语--ri yu--习题 | |
| 电子资源: | ||
| ISBN: | 978-7-5611-4544-9 | |
| 000 | 00953nam0 2200253 450 | |
| 001 | 012010541455 | |
| 005 | 20100704161625.09 | |
| 010 | @a978-7-5611-4544-9@dCNY25.00 | |
| 100 | @a20100704d2009 em y0chiy0120 ea | |
| 101 | 0 | @achi@ajpn |
| 102 | @aCN@b210000 | |
| 105 | @ay z 000yy | |
| 106 | @ar | |
| 200 | 1 | @a新版标准日本语随堂强化训练@Axin ban biao zhun ri ben yu sui tang qiang hua xun lian@h初级·下@f南海, 曹捷平编著@Fnan hai,cao jie ping bian zhu |
| 210 | @a大连@c大连理工大学出版社@d2009.01 | |
| 215 | @a216页@d26cm | |
| 330 | @a本书通过对应每一课的练习以及每四课的单元练习可以让学生系统、全面地复习初级日语的基本句型、语法及词汇等多个知识点。 | |
| 517 | 1 | @a标准日本语随堂强化训练@Abiao zhun ri ben yu sui tang qiang hua xun lian |
| 606 | 0 | @a日语@Ari yu@j习题 |
| 690 | @aH369.6@v4 | |
| 701 | 0 | @a南海@Anan hai@4编著 |
| 701 | 0 | @a曹捷平@Acao jie ping@4编著 |
| 801 | 0 | @aCN@bQSSK@c20100704 |
| 905 | @b785114-16@dH369.6@eN083:2@f3 | |
| 新版标准日本语随堂强化训练.初级·下/南海, 曹捷平编著.-大连:大连理工大学出版社,2009.01 |
| 216页;26cm |
| ISBN 978-7-5611-4544-9:CNY25.00 |
| 本书通过对应每一课的练习以及每四课的单元练习可以让学生系统、全面地复习初级日语的基本句型、语法及词汇等多个知识点。 |
| ● |
| 相关链接 |
|
|
|
正题名:新版标准日本语随堂强化训练
索取号:H369.6/N083:2
 
预约/预借
| 序号 | 登录号 | 条形码 | 馆藏地/架位号 | 状态 | 备注 |
| 1 | 785114 | 207851145 | 语言库209/209语言库 132排1列6层/ [索取号:H369.6/N083:2] | 在馆 | |
| 2 | 785115 | 207851154 | 自科二线504/504自科库 46排5列5层/ [索取号:H369.6/N083:2] | 在馆 | |
| 3 | 785116 | 207851163 | 自科二线504/504自科库 46排5列5层/ [索取号:H369.6/N083:2] | 在馆 |